Loading...
| Social Science | 0 | 3 | 0 | 1 | 30 | 85 | 109.67 | 0 | 1 |
| Literature - American Literature | 0 | 2 | 0 | 0 | 20 | 20 | 60.00 | 0 | 2 |
| History - American History | 0 | 2 | 0 | 0 | 20 | 51 | 71.50 | 1 | 2 |
| Literature - European Literature | 0 | 2 | 0 | 0 | 20 | 134 | 135.00 | 0 | 0 |
| Science - Biology | 0 | 1 | 0 | 0 | 10 | 118 | 118.00 | 0 | 0 |
| Fine Arts - Classical Music | 0 | 1 | 0 | 1 | 10 | 122 | 122.00 | 0 | 0 |
| Fine Arts - Other Fine Arts | 0 | 1 | 0 | 0 | 10 | 106 | 106.00 | 0 | 0 |
| Philosophy | 0 | 1 | 0 | 0 | 10 | 60 | 60.00 | 1 | 1 |
| History - World History | 0 | 1 | 1 | 0 | 5 | 66 | 66.00 | 0 | 0 |
| Fine Arts - Visual Fine Arts | 0 | 0 | 0 | 0 | 0 | 0.00 | 0 | 0 | |
| History - European History | 0 | 0 | 0 | 0 | 0 | 0.00 | 0 | 0 | |
| Religion | 0 | 1 | 2 | 0 | 0 | 127 | 127.00 | 0 | 1 |
| Literature - World/Other Literature | 0 | 0 | 1 | 0 | -5 | 0.00 | 0 | 0 | |
| Literature - British Literature | 0 | 0 | 1 | 0 | -5 | 0.00 | 0 | 0 | |
| History - Other History | 0 | 0 | 3 | 0 | -15 | 0.00 | 0 | 0 |